书目信息 |
| 题名: |
辞海
|
|
| 作者: | 夏征农 主编 | |
| 分册: | 下 | |
| 出版信息: | 上海 上海辞书出版社 1988.9 |
|
| 页数: | 1132-2292页 | |
| 开本: | 19厘米 | |
| 丛书名: | ||
| 单 册: | ||
| 中图分类: | Z32 , Z3 | |
| 科图分类: | 93 | |
| 主题词: | 百科全书--中国 , 文学--百科全书 , 词典 | |
| 电子资源: | ||
| ISBN: | 7-5326-0032-7 | |
| 000 | 00781nam0 2200289 45 | |
| 001 | 1560954668 | |
| 005 | 20150129165745.68 | |
| 010 | @a7-5326-0032-7@b精装@dCNY5.55 | |
| 020 | @aCN@b89016909 | |
| 100 | @a19910513d1988 m y0chiy0120 ea | |
| 101 | 0 | @achi |
| 102 | @aCN@b310000 | |
| 105 | @ay f 001yy | |
| 200 | 10 | @a辞海@Aci hai@e语词分册@h下@f夏征农主编@Fxia zheng nong zhu bian |
| 210 | @a上海@c上海辞书出版社@d1988.9 | |
| 215 | @a1132-2292页@d19厘米 | |
| 517 | 1 | @a语词分册@Ayu ci fen ce |
| 540 | 1 | @a辞海@Aci hai |
| 606 | @a百科全书@y中国 | |
| 606 | @a文学@x百科全书 | |
| 606 | 0 | @a词典 |
| 690 | @aZ32@v1980 | |
| 690 | @aZ3@v4 | |
| 692 | @a93@v1974 | |
| 701 | 0 | @a夏征农@Axia zheng nong@4主编 |
| 801 | 0 | @aCN@bTSSF@c20150129 |
| 905 | @aZUCC@dZ3@eJY26:2 | |
| 辞海:语词分册.下/夏征农主编.-上海:上海辞书出版社,1988.9 |
| 1132-2292页;19厘米 |
| ISBN 7-5326-0032-7(精装):CNY5.55 |
| ● |
| 相关链接 |
|
|
|
|
正题名:辞海
索取号:Z3/JY26:2
 
预约/预借
| 序号 | 登录号 | 条形码 | 馆藏地/架位号 | 状态 | 备注 |
| 1 | 7863914 | 278639145 | 学院路分馆/ [索取号:Z3/JY26:2] | 在馆 |